LDR 00922nam a2200205 4500 001 000000367044 003 CaOOAMICUS 005 20260327121745.0 008 260327s1893 it 000 u ita r 040 $aSeMil$bita 100 1 $aMoltedo, Francesco Tranquillino.$0(OLS)http://semarc/name/69998 245 13$aIl Novello beato Francesco Saverio m. Bianchi, sacerdote barnabita /$cF. T. Moltedo. 264 1$aFirenze :$bTipografia di M. Ricci,$c1893. 300 $a26 p. ;$c23 cm 650 4$aBianchi, Francesco Saverio Maria
.$0(OLS)http://semarc/subject/59885 850 $aSeMil 852 $aSeMil$W1$xVenegono$y1$m5C VIII 9/6$j269197$B257777$CSeMilBibl$Z2$F257777 $8I 996 $6245$aIl Novello beato Francesco Saverio m. Bianchi, sacerdote barnabita$9(OLS)http://semarc/title/458867 996 $6264$aFirenze :$bTipografia di M. Ricci$9(OLS)http://semarc/publisher/42944